Online Catalogue and eLibrary

The political economy of dowry : (Record no. 2832)

MARC details
000 -LEADER
fixed length control field 00533nam a2200193Ia 4500
005 - DATE AND TIME OF LATEST TRANSACTION
control field 20240528071021.0
008 - FIXED-LENGTH DATA ELEMENTS--GENERAL INFORMATION
fixed length control field 240331s9999 xx 000 0 und d
020 ## - INTERNATIONAL STANDARD BOOK NUMBER
ISBN 8173042640
082 ## - DDC Classification
Item Number - Author Mark SHE
Class No. 344
100 ## - MAIN ENTRY--PERSONAL NAME
Personal name Sheel, Ranjana
245 #4 - TITLE STATEMENT
Title The political economy of dowry :
Remainder of title institutionalization and expansion in North India
Statement of responsibility, etc. Ranjana, Sheel
250 ## - EDITION STATEMENT
Edition statement 1 st
260 ## - PUBLICATION, DISTRIBUTION, ETC.
Place of publication, distribution, etc. New Delhi
Name of publisher, distributor, etc. Manohar Publishers & Distributors
Date of publication, distribution, etc. 1999
300 ## - PHYSICAL DESCRIPTION
Extent (e.g. Volumes, Pages etc.) 229 p .,
650 ## - SUBJECT ADDED ENTRY--TOPICAL TERM
Topical term or geographic name entry element Women
650 ## - SUBJECT ADDED ENTRY--TOPICAL TERM
Topical term or geographic name entry element Law
650 ## - SUBJECT ADDED ENTRY--TOPICAL TERM
Topical term or geographic name entry element political
942 ## - Koha item type (Biblio)
Koha item type Books in Stacks (Lending)
Holdings
Lost status Damaged status Collection code Home library Current library Shelving location Date acquired Full call number Accession Number Item type
    Lending WERC Library WERC Library Social Science Cupboard 03/31/2024 344 SHE 4658 Books in Stacks (Lending)

© WERC Library